000 00264nam a2200097Ia 4500
001 646852
005 20250826153650.0
008 250824s9999 xx 000 0 und d
245 0 _aGENÇ PRENSİN DÖNÜŞÜ
_cALEJANDRO GUİLLERMO ROEMMERS
260 _bTİMAŞ KÜLTÜR
999 _c646852
_d646852